UM Logo

An introduction to derivatives and risk management/ (Record no. 3878)

MARC details
000 -LEADER
fixed length control field 00680nam a22001937a 4500
008 - FIXED-LENGTH DATA ELEMENTS--GENERAL INFORMATION
fixed length control field 160817b xxu||||| |||| 00| 0 eng d
020 ## - INTERNATIONAL STANDARD BOOK NUMBER
International Standard Book Number 0-324-64627-5
082 ## - DEWEY DECIMAL CLASSIFICATION NUMBER
Edition number 2008
Classification number DC 332.6457
Item number C36i
100 ## - MAIN ENTRY--PERSONAL NAME
9 (RLIN) 12918
Personal name Chance, Don M.
245 ## - TITLE STATEMENT
Title An introduction to derivatives and risk management/
Statement of responsibility, etc. Don M. Chance, Robert Brooks.
250 ## - EDITION STATEMENT
Edition statement 7th edition
260 ## - PUBLICATION, DISTRIBUTION, ETC. (IMPRINT)
Place of publication, distribution, etc. Australia:
Name of publisher, distributor, etc. Thomson South-Western,
Date of publication, distribution, etc. c2008.
300 ## - PHYSICAL DESCRIPTION
Extent xiv, 653 pages:
Other physical details illustrations;
Dimensions 26 cm.
500 ## - GENERAL NOTE
General note Includes bibliographical references and index.
650 #0 - SUBJECT ADDED ENTRY--TOPICAL TERM
9 (RLIN) 12919
Topical term or geographic name as entry element Derivative securities
650 #0 - SUBJECT ADDED ENTRY--TOPICAL TERM
9 (RLIN) 12920
Topical term or geographic name as entry element Risk management
700 ## - ADDED ENTRY--PERSONAL NAME
9 (RLIN) 12921
Personal name Brooks, Robert
Relator term Author
942 ## - ADDED ENTRY ELEMENTS (KOHA)
Source of classification or shelving scheme Dewey Decimal Classification
Koha item type Circulation
Holdings
Withdrawn status Lost status Source of classification or shelving scheme Damaged status Not for loan Collection code Home library Current library Date acquired Source of acquisition Total Checkouts Full call number Barcode Date last seen Price effective from Koha item type
    Dewey Decimal Classification     Circulation UM Digos College - LIC UM Digos College - LIC 07/19/2011 Photocopied   DC 332.6457 C36i 2008 21705 06/08/2021 08/17/2016 Circulation